UFC TRIVIA - Statistics

General Stats
  • This quiz has been taken 164 times
  • The average score is 7 of 15
Answer Stats
Question Answer % Correct
what ufc fighter has the nickname the notorious conor mcgregor
73%
who is the current ufc heaveyweight champion jon jones
67%
how many times has islam makhachev defended his lightweight belt 3
62%
how many ufc womens weight classes are there 3
62%
who is the president of the ufc dana white
62%
Who is the number 1 pound for pound fighter in the ufc islam makhachev
60%
how many ufc weight classes are there 11
47%
were is ufc headquaters located las vegas
41%
who is the ufc flyweight champion pantoja
40%
who is the ufc bantanweight champion sean omalley
40%
how many ufc ppvs has there been 304
37%
where will ufc 305 take place australia
25%
Who won the main event at ufc 304 belal muhammed
23%
what is the highest selling ppv main event in ufc history khabib vs mcgregor
13%
what was the main event of ufc 300 hill vs pereria
2%
No matching quizzes found
Score Distribution
Percent of People with Each Score
Percentile by Number Answered
Your Score History
You have not taken this quiz